Statistics for Most Common First Names in the United States - H

Click here to take the quiz!

General Stats

  • This quiz has been taken 434 times
  • The average score is 9 of 20

Answer Stats

HintAnswer% Correct
70Harry
90%
46Henry
87%
367Hannah
76%
15Helen
67%
44Harold
65%
186Holly
57%
316Harriet
53%
53Heather
53%
254Hugh
42%
79Howard
38%
225Harvey
34%
263Hilda
34%
130Herbert
33%
427Hope
32%
241Heidi
30%
315Hattie
26%
183Herman
25%
138Hazel
24%
189Hector
23%
321Homer
17%

Score Distribution

Percentile by Number Answered

Percent of People with Each Score

Your Score History

You have not taken this quiz